| 000 | 01473cam a2200397 i 4500 | ||
|---|---|---|---|
| 999 |
_c530157 _d530157 |
||
| 001 | 18213673 | ||
| 003 | NUST | ||
| 005 | 20191011121708.0 | ||
| 008 | 140707s2014 ne a b 001 0 eng d | ||
| 010 | _a 2014397332 | ||
| 020 | _a9780124058644 (hbk) | ||
| 020 | _a0124058647 (hbk) | ||
| 035 | _a(OCoLC)ocn875001986 | ||
| 038 | _aMSOHAIL | ||
| 040 |
_aYDX _beng _cYDX _erda _dYDXCP _dNKM _dNGU _dDLC |
||
| 042 | _alccopycat | ||
| 050 | 0 | 0 |
_aHD9000.4 _b.B29 2014 |
| 082 | 0 | 4 |
_a338.19 _223 |
| 100 | 1 |
_aBabu, Suresh Chandra. _923537 |
|
| 245 | 1 | 0 |
_aFood security, poverty, and nutrition policy analysis : _bstatistical methods and applications / _cSuresh C. Babu, Shailendra N. Gajanan, Prabuddha Sanyal. |
| 250 | _aSecond edition | ||
| 264 | 1 |
_aAmsterdam ; _aBoston : _bAcademic Press, _c[2014] |
|
| 300 |
_axxxi, 615 pages : _billustrations ; _c24 cm |
||
| 336 |
_atext _btxt _2rdacontent |
||
| 337 |
_aunmediated _bn _2rdamedia |
||
| 338 |
_avolume _bnc _2rdacarrier |
||
| 504 | _aIncludes bibliographical references (pages 575-599) and index. | ||
| 650 | 0 |
_aFood security. _923538 |
|
| 650 | 0 |
_aFood supply _xMathematical models. _923539 |
|
| 650 | 0 |
_aNutrition policy _xDecision making _xStatistical methods. _923540 |
|
| 700 | 1 |
_aGajanan, Shailendra N. _923541 |
|
| 700 | 1 |
_aSanyal, Prabuddha. _923542 |
|
| 906 |
_a7 _bcbc _ccopycat _d2 _encip _f20 _gy-gencatlg |
||
| 942 |
_2ddc _cBK |
||